[Event "POL-ch U20 Girls"]
[Site "Trzebinia"]
[Date "2000.??.??"]
[Round "?"]
[White "Reszka, Malgorzata"]
[Black "Glazik, Malgorzata"]
[Result "0-1"]
[WhiteElo "2091"]
[BlackElo "2146"]
[PlyCount "82"]
[EventDate "2000.04.??"]
[EventType "tourn"]
[EventRounds "11"]
[EventCountry "POL"]
[SourceTitle "EXT 2005"]
[Source "ChessBase"]
[SourceDate "2004.11.15"]
[SourceVersion "1"]
[SourceVersionDate "2004.11.15"]
[SourceQuality "1"]

1. e4 d6 2. d4 Nf6 3. Nc3 Nc6 4. d5 Nb8 5. Nf3 g6 6. Be2 Bg7 7. 0-0 0-0 8. h3 Nbd7 9. Be3 h6 10. Nd2 e5 11. f4 exf4 12. Bxf4 Re8 13. Bf3 Ne5 14. Qe2 Nfd7 15. Rae1 a5 16. Qf2 Qe7 17. Kh1 Nc5 18. Be3 b6 19. Be2 Rf8 20. Nc4 Bd7 21. Nxe5 Qxe5 22. Bf4 Qe7 23. Bd3 Rae8 24. Qd2 Kh7 25. Nd1 Qh4 26. Nf2 Nxd3 27. Nxd3 g5 28. Bh2 Rxe4 29. g3 Qxh3 30. Nf2 Rxe1 31. Nxh3 Rxf1+ 32. Kg2 Ra1 33. Bg1 Bxh3+ 34. Kxh3 Rxg1 35. Qd3+ f5 36. Qc4 Be5 37. Qxc7+ Kg6 38. Kh2 Rxg3 39. Kh1 f4 40. Qe7 Rf7 41. Qe8 Kg7 0-1

[Event "POL-ch U18 Girls"]
[Site "Wisla"]
[Date "2000.??.??"]
[Round "9"]
[White "Zielinska, Malgorzata"]
[Black "Glazik, Malgorzata"]
[Result "1-0"]
[WhiteElo "2040"]
[BlackElo "2146"]
[PlyCount "89"]
[EventDate "2000.02.26"]
[EventType "swiss"]
[EventRounds "10"]
[EventCountry "POL"]
[SourceTitle "EXT 2005"]
[Source "ChessBase"]
[SourceDate "2004.11.15"]
[SourceVersion "1"]
[SourceVersionDate "2004.11.15"]
[SourceQuality "1"]

1. d4 Nf6 2. c4 e6 3. Nf3 Bb4+ 4. Nbd2 b6 5. g3 Bb7 6. Bg2 0-0 7. 0-0 Bxd2 8. Qxd2 d6 9. Qc2 Nbd7 10. Rd1 Be4 11. Qc3 Qe7 12. b3 Rae8 13. Ba3 c5 14. Rd2 Ba8 15. Qc2 Ne4 16. Rdd1 f5 17. e3 Ndf6 18. b4 cxb4 19. Bxb4 Rc8 20. Qb3 Qf7 21. a4 Qh5 22. d5 exd5 23. cxd5 f4 24. exf4 Bxd5 25. Qd3 Bc4 26. Qc2 Rfd8 27. Rd4 d5 28. Ne5 Ba6 29. Qd1 Qe8 30. Qb3 Nc5 31. Qa2 Bb7 32. a5 Ne6 33. Rdd1 Rc7 34. axb6 axb6 35. Rab1 Ra8 36. Qb3 Nc5 37. Qb2 Qe6 38. Bd2 Ncd7 39. Nf3 Ne4 40. Nd4 Qf6 41. Bxe4 dxe4 42. Bc3 Qf7 43. Nb5 Rcc8 44. Qc1 Ra6 45. Nd4 1-0

[Event "POL-ch U18 Girls"]
[Site "Wisla"]
[Date "2000.??.??"]
[Round "5"]
[White "Zimny, Joanna"]
[Black "Glazik, Malgorzata"]
[Result "1-0"]
[WhiteElo "2121"]
[BlackElo "2146"]
[PlyCount "69"]
[EventDate "2000.02.26"]
[EventType "swiss"]
[EventRounds "10"]
[EventCountry "POL"]
[SourceTitle "EXT 2005"]
[Source "ChessBase"]
[SourceDate "2004.11.15"]
[SourceVersion "1"]
[SourceVersionDate "2004.11.15"]
[SourceQuality "1"]

1. d4 Nf6 2. Nf3 e6 3. Bg5 c5 4. e3 d5 5. c3 Nc6 6. Nbd2 Be7 7. Bd3 b6 8. 0-0 Bb7 9. Qe2 Qc7 10. Bf4 Bd6 11. Bxd6 Qxd6 12. Rfe1 0-0-0 13. dxc5 Qxc5 14. Nb3 Qd6 15. c4 Kb8 16. Rac1 dxc4 17. Bxc4 Ng4 18. h3 Nge5 19. Nxe5 Nxe5 20. Red1 Qe7 21. Ba6 Ba8 22. f4 Nc6 23. Qb5 Rxd1+ 24. Rxd1 Bb7 25. Bxb7 Kxb7 26. Na5+ Nxa5 27. Rd7+ Qxd7 28. Qxd7+ Kb8 29. b4 Nc4 30. Qxf7 Rc8 31. Qxe6 Rc7 32. Qg8+ Kb7 33. Qxh7 Re7 34. Qd3 Nxe3 35. Kf2 1-0